Implications for national nature conservation and protected area management policies in East ans Southeast Asia (Record no. 214935)

MARC details
000 -CABECERA
campo de control de longitud fija 00826nam a22001937a 4500
003 - IDENTIFICADOR DEL NÚMERO DE CONTROL
campo de control MX-MxUPN
005 - FECHA Y HORA DE LA ÚLTIMA TRANSACCIÓN
campo de control 20260413120439.0
008 - ELEMENTOS DE LONGITUD FIJA--INFORMACIÓN GENERAL
campo de control de longitud fija 260413s2000 ja| |||fr|||| 100 0 eng d
040 ## - FUENTE DE LA CATALOGACIÓN
Centro catalogador/agencia de origen MX-MxUPN
Lengua de catalogación spa
041 0# - CÓDIGO DE IDIOMA
Código de lengua del texto/banda sonora o título independiente eng
050 #4 - SIGNATURA TOPOGRÁFICA DE LA BIBLIOTECA DEL CONGRESO
Número de clasificación QH75 A1
Número de documento/Ítem R44 2000
111 2# - ASIENTO PRINCIPAL--NOMBRE DE REUNION
Nombre de congreso/reunión o jurisdicción como elemento de entrada Regional workshop on nature and biodiversity as world heritage
Fecha del congreso/reunión (2000 :
Sede del congreso/Lugar de la reunión Tokyo y Yakushima, Japón)
9 (RLIN) 59245
245 10 - MENCIÓN DE TÍTULO
Título Implications for national nature conservation and protected area management policies in East ans Southeast Asia
260 ## - PUBLICACIÓN, DISTRIBUCIÓN, ETC.
Lugar de publicación, distribución, etc. Japan :
Nombre del editor, distribuidor, etc. Envoroment Agency of Japan :
-- Unesco, World Heritage Centre :
-- International Union for Conservation of Nature,
Fecha de publicación, distribución, etc. 2000
300 ## - DESCRIPCIÓN FÍSICA
Extensión 201 páginas, 3 hojas plegadas
650 #4 - ASIENTO SECUNDARIO DE MATERIA - TERMINO TEMATICO
Término de materia o nombre geográfico como elemento de entrada Naturaleza
Subdivisión general Conservación
Subdivisión geográfica Asia
Subdivisión de forma Congresos
9 (RLIN) 59246
902 ## - ELEMENTOS DE DATOS B LOCAL, LDB (RLIN)
Creó VíctorGodínez/130426
942 ## - ELEMENTOS DE PUNTO DE ACCESO ADICIONAL (KOHA)
Fuente del sistema de clasificación o colocación Library of Congress Classification
Tipo de ítem Koha Libro
Holdings
Estado de retiro Estado de pérdida Fuente del sistema de clasificación o colocación Estado dañado No para préstamo Código de colección Localización permanente Ubicación/localización actual Ubicación en estantería Fecha de adquisición Total de préstamos Clasificación Código de barras Fecha visto por última vez Precio válido a partir de Tipo de ítem Koha
    Library of Congress Classification   Disponible (Préstamo en sala) UNESCO Bib. Gregorio Torres Quintero Bib. Gregorio Torres Quintero Colecciones especiales Planta alta 13/04/2026   QH75 A1 R44 2000 U13398 13/04/2026 13/04/2026 Libro